[Event "Mineiro-ch"]
[Site "Belo Horizonte"]
[Date "2012.12.01"]
[Round "4"]
[White "Esteves, Igor Silva Mota"]
[Black "Ladeira, Joao Bosco Amado"]
[Result "0-1"]
[WhiteElo "1732"]
[BlackElo "2246"]
[PlyCount "108"]
[EventDate "2012.11.30"]
[EventType "swiss"]
[EventRounds "7"]
[EventCountry "BRA"]
[SourceTitle "EXT 2014"]
[Source "ChessBase"]
[SourceDate "2013.11.20"]
[SourceVersion "1"]
[SourceVersionDate "2013.11.20"]
[SourceQuality "1"]

1. e4 d6 2. d4 Nf6 3. Bd3 g6 4. f4 Bg7 5. Nf3 0-0 6. 0-0 Na6 7. e5 Nd5 8. c4 Nb6 9. Nc3 c5 10. d5 e6 11. Ne4 exd5 12. cxd5 dxe5 13. Bxa6 bxa6 14. Nxe5 Bb7 15. Nxc5 Bxd5 16. b3 Re8 17. Bb2 Qe7 18. Rc1 Rad8 19. Qg4 Ba8 20. Rfe1 Qd6 21. Red1 Qe7 22. Re1 Qd6 23. Red1 Qf8 24. Rxd8 Rxd8 25. Ne6 Bxe5 26. Nxf8 Bxb2 27. Rc2 Bd4+ 28. Kf1 Rxf8 29. Rd2 Bf6 30. a4 Kg7 31. h4 Nd5 32. Qg3 a5 33. h5 Nc3 34. Qh3 Nd5 35. h6+ Kg8 36. Qd7 Nxf4 37. Rc2 Ne6 38. Rc8 Be4 39. Re8 Bf5 40. Qc6 Rxe8 41. Qxe8+ Nf8 42. Qe3 a6 43. Qd2 Be6 44. Qf4 Nd7 45. Qf3 Be7 46. Qa8+ Bf8 47. Qxa6 Nc5 48. Qxa5 Bxb3 49. g4 Bxa4 50. g5 Bc2 51. Qc3 Bf5 52. Qf6 Ne6 53. Kg1 Bc5+ 54. Kh2 Bd3 0-1

[Event "Mineiro-ch"]
[Site "Belo Horizonte"]
[Date "2012.09.29"]
[Round "1"]
[White "Estanislau, Pedro Henrique C"]
[Black "Ladeira, Joao Bosco Amado"]
[Result "0-1"]
[WhiteElo "1667"]
[BlackElo "2246"]
[PlyCount "112"]
[EventDate "2012.09.29"]
[EventType "swiss"]
[EventRounds "5"]
[EventCountry "BRA"]
[SourceTitle "EXT 2015"]
[Source "ChessBase"]
[SourceDate "2014.11.20"]
[SourceVersion "1"]
[SourceVersionDate "2014.11.20"]
[SourceQuality "1"]

1. d4 Nf6 2. c4 g6 3. Nc3 Bg7 4. Nf3 0-0 5. e4 d6 6. Be2 Bg4 7. 0-0 Nfd7 8. h3 Bxf3 9. Bxf3 e5 10. Be3 Nc6 11. Ne2 Qe8 12. Rc1 f5 13. dxe5 Ndxe5 14. Nf4 Nxf3+ 15. Qxf3 Qxe4 16. Qxe4 fxe4 17. Ne6 Rf7 18. Nxg7 Kxg7 19. a4 Kg8 20. Rfe1 Ne5 21. Re2 c6 22. Bd4 Nd3 23. Rd1 d5 24. cxd5 cxd5 25. Rdd2 Rc7 26. Rc2 Rc6 27. b4 Rac8 28. Rxc6 Rxc6 29. Bxa7 Ra6 30. Bd4 Rxa4 31. Rc2 Nf4 32. Rc8+ Kf7 33. Bc5 Ra1+ 34. Kh2 Ne6 35. Rb8 Nxc5 36. bxc5 d4 37. Rxb7+ Ke6 38. c6 Rc1 39. c7 d3 40. Rb4 Kd5 41. Rb5+ Kd6 42. Rb4 Kxc7 43. Rd4 Re1 44. Kg3 Kc6 45. f4 Kc5 46. Rd7 Kc4 47. Rc7+ Kd4 48. Kf2 Re2+ 49. Kf1 e3 50. Rd7+ Ke4 51. Re7+ Kd4 52. Rd7+ Kc3 53. Rc7+ Kd2 54. Re7 Rf2+ 55. Kg1 Rxf4 56. g3 Rf8 0-1

[Event "Mineiro-ch"]
[Site "Belo Horizonte"]
[Date "2012.09.29"]
[Round "2"]
[White "Ladeira, Joao Bosco Amado"]
[Black "Nery Junior, Jose Antonio"]
[Result "1-0"]
[WhiteElo "2246"]
[BlackElo "2067"]
[PlyCount "81"]
[EventDate "2012.09.29"]
[EventType "swiss"]
[EventRounds "5"]
[EventCountry "BRA"]
[SourceTitle "EXT 2015"]
[Source "ChessBase"]
[SourceDate "2014.11.20"]
[SourceVersion "1"]
[SourceVersionDate "2014.11.20"]
[SourceQuality "1"]

1. d4 Nf6 2. c4 c5 3. d5 e6 4. Nc3 exd5 5. cxd5 d6 6. g3 g6 7. Bg2 Bg7 8. Nf3 0-0 9. Nd2 b6 10. 0-0 Re8 11. Re1 Nbd7 12. Nc4 Ne5 13. Nxe5 Rxe5 14. e4 Re8 15. h3 a6 16. a4 Rb8 17. Bf1 Qc7 18. Rb1 c4 19. e5 Rxe5 20. Rxe5 dxe5 21. d6 Qd7 22. Bg5 Bb7 23. Bxf6 Qc6 24. Nd5 Qxd5 25. Qxd5 Bxd5 26. Be7 Rb7 27. Rd1 Bc6 28. Bxc4 Bxa4 29. Ra1 Bc6 30. Rxa6 Rb8 31. Ra7 Bf8 32. Bg5 Bxd6 33. Bxf7+ Kg7 34. Bd5+ Rb7 35. Rxb7+ Bxb7 36. Bxb7 b5 37. Kf1 h6 38. Be3 Kf6 39. Ke2 g5 40. Kd3 h5 41. Ke4 1-0

[Event "Belo Horizonte 1st"]
[Site "Belo Horizonte"]
[Date "2009.07.23"]
[Round "7.2"]
[White "Crespo de Oliveira, Lucas"]
[Black "Ladeira, Joao Bosco Amado"]
[Result "1/2-1/2"]
[WhiteElo "2104"]
[BlackElo "2257"]
[PlyCount "80"]
[EventDate "2009.07.20"]
[EventType "tourn"]
[EventRounds "9"]
[EventCountry "BRA"]
[SourceTitle "EXT 2022"]
[Source "ChessBase"]
[SourceDate "2021.10.06"]
[SourceVersion "1"]
[SourceVersionDate "2021.10.06"]
[SourceQuality "1"]

1. e4 d6 2. d4 Nf6 3. Nc3 g6 4. f3 c6 5. Be3 Nbd7 6. Qd2 b5 7. 0-0-0 Bb7 8. h4 h5 9. Nh3 Bg7 10. Nf2 Nb6 11. Bd3 b4 12. Ne2 a5 13. g4 Qc7 14. Kb1 Ba6 15. e5 Nfd5 16. e6 fxe6 17. Bxg6+ Kd7 18. Bd3 Nc4 19. Bxc4 Bxc4 20. Nf4 Nxf4 21. Bxf4 Bd5 22. Qe3 Qb6 23. Ne4 a4 24. Rd3 Qb5 25. Ng5 Qc4 26. b3 axb3 27. cxb3 Qa6 28. Rd2 Raf8 29. Re1 hxg4 30. Nxe6 Bf6 31. Nxf8+ Rxf8 32. fxg4 Bxh4 33. Bg5 Bxg5 34. Qxg5 Be4+ 35. Kc1 Rf1 36. Qe3 d5 37. g5 Rf3 38. Qe2 Qxe2 39. Rdxe2 Rg3 40. Rb2 Rxg5 1/2-1/2

[Event "Belo Horizonte 1st"]
[Site "Belo Horizonte"]
[Date "2009.07.22"]
[Round "6.5"]
[White "Ladeira, Joao Bosco Amado"]
[Black "Fontoura, Rogerio Lemos"]
[Result "1-0"]
[WhiteElo "2257"]
[BlackElo "2066"]
[PlyCount "45"]
[EventDate "2009.07.20"]
[EventType "tourn"]
[EventRounds "9"]
[EventCountry "BRA"]
[SourceTitle "EXT 2022"]
[Source "ChessBase"]
[SourceDate "2021.10.06"]
[SourceVersion "1"]
[SourceVersionDate "2021.10.06"]
[SourceQuality "1"]

1. d4 Nf6 2. c4 d6 3. Nc3 Nbd7 4. Nf3 e5 5. e4 Be7 6. Be2 0-0 7. 0-0 exd4 8. Nxd4 Re8 9. Qc2 Bf8 10. Bg5 h6 11. Bh4 g5 12. Bg3 Bg7 13. Nf5 Bf8 14. Rad1 Ne5 15. Ne3 Bd7 16. c5 dxc5 17. Bxe5 Rxe5 18. Nc4 Re8 19. e5 Nh7 20. Bh5 Qc8 21. Bxf7+ Kxf7 22. Qxh7+ Bg7 23. f4 1-0

[Event "Belo Horizonte 1st"]
[Site "Belo Horizonte"]
[Date "2009.07.22"]
[Round "5.1"]
[White "Ladeira, Joao Bosco Amado"]
[Black "Gazel Pereira, Frederico"]
[Result "0-1"]
[WhiteElo "2257"]
[BlackElo "2278"]
[PlyCount "40"]
[EventDate "2009.07.20"]
[EventType "tourn"]
[EventRounds "9"]
[EventCountry "BRA"]
[SourceTitle "EXT 2022"]
[Source "ChessBase"]
[SourceDate "2021.10.06"]
[SourceVersion "1"]
[SourceVersionDate "2021.10.06"]
[SourceQuality "1"]

1. d4 Nf6 2. c4 e6 3. Nf3 b6 4. Nc3 Bb4 5. e3 Bb7 6. Bd3 Bxc3+ 7. bxc3 0-0 8. 0-0 d6 9. c5 dxc5 10. dxc5 Nbd7 11. cxb6 axb6 12. c4 Nc5 13. Be2 Qe7 14. Bb2 Rfd8 15. Qc1 Nfe4 16. Rd1 Rxd1+ 17. Qxd1 Na4 18. Qc2 Nxb2 19. Qxb2 Qa3 20. Qe5 Nc3 0-1

[Event "Belo Horizonte 1st"]
[Site "Belo Horizonte"]
[Date "2009.07.21"]
[Round "4.5"]
[White "Ribeiro, Sheridan Luiz Telle"]
[Black "Ladeira, Joao Bosco Amado"]
[Result "1-0"]
[WhiteElo "2043"]
[BlackElo "2257"]
[PlyCount "95"]
[EventDate "2009.07.20"]
[EventType "tourn"]
[EventRounds "9"]
[EventCountry "BRA"]
[SourceTitle "EXT 2022"]
[Source "ChessBase"]
[SourceDate "2021.10.06"]
[SourceVersion "1"]
[SourceVersionDate "2021.10.06"]
[SourceQuality "1"]

1. e4 d6 2. d4 Nf6 3. Nc3 g6 4. f4 Bg7 5. Nf3 0-0 6. Be2 c5 7. dxc5 Qa5 8. 0-0 Qxc5+ 9. Kh1 Nc6 10. Bd3 Bg4 11. Qe1 Rad8 12. Be3 Qa5 13. Nd2 Bc8 14. Nb3 Qc7 15. Nb5 Qb8 16. Qh4 a6 17. N5d4 Nxd4 18. Bxd4 b5 19. f5 Bb7 20. Rae1 Rfe8 21. Re3 d5 22. e5 Ne4 23. fxg6 fxg6 24. Rh3 h5 25. Nc5 Bc8 26. Nxe4 dxe4 27. Qxe4 Bf5 28. Rxf5 Rxd4 29. Qxd4 gxf5 30. Qd7 Qc8 31. Bxf5 Qxd7 32. Bxd7 Rd8 33. Be6+ Kh7 34. Rxh5+ Kg6 35. g4 Rd2 36. Bf5+ Kf7 37. Bd3 Rd1+ 38. Kg2 Re1 39. h4 Rxe5 40. Rxe5 Bxe5 41. b3 Kg7 42. Kf3 Bc3 43. Kf4 Be1 44. h5 Bd2+ 45. Kf5 Kh6 46. Be2 Bc1 47. Ke6 Kg5 48. c4 1-0

[Event "Mineiro-ch"]
[Site "Varginha"]
[Date "2009.01.25"]
[Round "4"]
[White "Ladeira, Joao Bosco Amado"]
[Black "Machado, Gilmar Dias"]
[Result "1/2-1/2"]
[WhiteElo "2290"]
[BlackElo "1960"]
[PlyCount "60"]
[EventDate "2009.01.23"]
[EventType "tourn"]
[EventRounds "11"]
[EventCountry "BRA"]
[SourceTitle "EXT 2012"]
[Source "ChessBase"]
[SourceDate "2011.11.24"]
[SourceVersion "1"]
[SourceVersionDate "2011.11.24"]
[SourceQuality "1"]

1. d4 d5 2. c4 e5 3. dxe5 d4 4. Nf3 Nc6 5. g3 Nge7 6. Bg2 Ng6 7. Bg5 f6 8. exf6 gxf6 9. Bd2 Be6 10. Qc2 Qd7 11. 0-0 0-0-0 12. Na3 Bf5 13. Qb3 Bh3 14. Rad1 Bxg2 15. Kxg2 h5 16. Qc2 Qh7 17. Qf5+ Kb8 18. Kh1 h4 19. g4 Qg7 20. Nc2 Nge5 21. Nxe5 Nxe5 22. Bf4 c5 23. e3 Ka8 24. exd4 Nxc4 25. dxc5 Bxc5 26. Rxd8+ Rxd8 27. Qxc5 Qxg4 28. Qxc4 Qf3+ 29. Kg1 Qg4+ 30. Kh1 Qf3+ 1/2-1/2

[Event "Mineiro-ch"]
[Site "Varginha"]
[Date "2009.01.23"]
[Round "1"]
[White "Lapertosa Viana, Julio"]
[Black "Ladeira, Joao Bosco Amado"]
[Result "0-1"]
[WhiteElo "2142"]
[BlackElo "2290"]
[PlyCount "94"]
[EventDate "2009.01.23"]
[EventType "tourn"]
[EventRounds "11"]
[EventCountry "BRA"]
[SourceTitle "EXT 2012"]
[Source "ChessBase"]
[SourceDate "2011.11.24"]
[SourceVersion "1"]
[SourceVersionDate "2011.11.24"]
[SourceQuality "1"]

1. e4 c5 2. Nf3 d6 3. d4 cxd4 4. Nxd4 Nf6 5. Nc3 Nc6 6. Bg5 e6 7. Qd2 Be7 8. 0-0-0 Qb6 9. f3 0-0 10. Be3 Qc7 11. g4 Nxd4 12. Bxd4 Rd8 13. g5 Ne8 14. f4 Bd7 15. Bg2 b5 16. Rhe1 b4 17. Ne2 Rdc8 18. Kb1 a5 19. Rc1 Bc6 20. Ng3 Qb7 21. f5 Bd8 22. fxe6 fxe6 23. Rf1 Qe7 24. h4 g6 25. Bh3 Bc7 26. h5 Bb5 27. hxg6 hxg6 28. Rf3 Ng7 29. Rf6 Qe8 30. Rh1 Bd8 31. Bxe6+ Nxe6 32. Qh2 Bxf6 33. Qh7+ Kf8 34. gxf6 Qf7 35. Qh8+ Qg8 36. Qh6+ Ke8 37. Rg1 Nxd4 38. Nf5 Nxf5 39. exf5 Qc4 40. Re1+ Kd7 41. Qg7+ Kc6 42. b3 Qg8 43. Qh6 gxf5 44. Rd1 Qg4 45. Rd2 Rh8 46. Qe3 Rh1+ 47. Kb2 Qe4 0-1

[Event "Varginha op"]
[Site "Varginha"]
[Date "2008.05.25"]
[Round "7"]
[White "Ladeira, Joao Bosco Amado"]
[Black "Name, Gabriel Ricardo"]
[Result "1/2-1/2"]
[WhiteElo "2281"]
[BlackElo "2248"]
[PlyCount "123"]
[EventDate "2008.05.22"]
[EventType "swiss"]
[EventRounds "7"]
[EventCountry "BRA"]
[SourceTitle "EXT 2022"]
[Source "ChessBase"]
[SourceDate "2021.10.06"]
[SourceVersion "1"]
[SourceVersionDate "2021.10.06"]
[SourceQuality "1"]

1. d4 d5 2. c4 c6 3. Nc3 Nf6 4. Nf3 a6 5. e3 b5 6. b3 Bg4 7. Be2 e6 8. 0-0 Bd6 9. Ne5 Bxe2 10. Nxe2 0-0 11. Qc2 Qc8 12. Bb2 Ra7 13. Rac1 Rc7 14. Qd3 dxc4 15. bxc4 Rd8 16. f4 Nbd7 17. Qb1 c5 18. cxb5 axb5 19. Nxd7 Nxd7 20. dxc5 Nxc5 21. Bd4 Qa6 22. Rfd1 Rdc8 23. Rc2 Nb7 24. Rdc1 Rc4 25. Rxc4 bxc4 26. Nc3 Nc5 27. Qb5 Qa3 28. Rb1 Nd3 29. Qb7 Ra8 30. Qb5 Nb4 31. Qg5 f6 32. Bxf6 Qa7 33. Bd4 Qf7 34. Qb5 Nc2 35. Qc6 Qf8 36. Ne4 Bxf4 37. Qxe6+ Kh8 38. Bxg7+ Kxg7 39. Qg4+ Kh8 40. Qxf4 Qxf4 41. exf4 Re8 42. Nc3 Re3 43. Nd5 Rd3 44. Nb6 c3 45. Nc4 Rd7 46. a3 Nd4 47. Kf2 Ra7 48. Rb8+ Kg7 49. Rc8 c2 50. Ne3 Rxa3 51. Nxc2 Ra2 52. g4 Nxc2 53. h4 Nd4+ 54. Ke3 Nb5 55. Rb8 Nd6 56. h5 Ra3+ 57. Kd4 Ra4+ 58. Ke5 Nf7+ 59. Kf5 Nh6+ 60. Kg5 Nf7+ 61. Kf5 Nh6+ 62. Kg5 1/2-1/2

[Event "Varginha op"]
[Site "Varginha"]
[Date "2008.05.24"]
[Round "?"]
[White "Ladeira, Joao Bosco Amado"]
[Black "Gomes, Luiz Alexandre"]
[Result "0-1"]
[WhiteElo "2281"]
[BlackElo "2345"]
[PlyCount "66"]
[EventDate "2008.05.22"]
[EventType "swiss"]
[EventRounds "7"]
[EventCountry "BRA"]
[SourceTitle "EXT 2022"]
[Source "ChessBase"]
[SourceDate "2021.10.06"]
[SourceVersion "1"]
[SourceVersionDate "2021.10.06"]
[SourceQuality "1"]

1. d4 g6 2. Nf3 Bg7 3. g3 Nf6 4. c4 c5 5. d5 d6 6. Nc3 0-0 7. Bg2 Nbd7 8. 0-0 Re8 9. h3 Nb6 10. Qd3 e6 11. e4 exd5 12. cxd5 a6 13. Bf4 Nh5 14. Bg5 Qc7 15. g4 c4 16. Qc2 Nf6 17. Bf4 Nbd7 18. Rfe1 b5 19. Nd4 Ne5 20. Rad1 Nfd7 21. Be3 Nc5 22. Nc6 Ned3 23. Bxc5 Nxe1 24. Bxd6 Qxd6 25. Rxe1 Bb7 26. a4 b4 27. Nd1 Bxc6 28. dxc6 Rac8 29. Qxc4 Rxc6 30. Qb3 Rc1 31. Rf1 Qf4 32. Ne3 Rxf1+ 33. Bxf1 Rxe4 0-1

[Event "Varginha op"]
[Site "Varginha"]
[Date "2008.05.23"]
[Round "?"]
[White "Riboldi, Mario Garcia"]
[Black "Ladeira, Joao Bosco Amado"]
[Result "0-1"]
[WhiteElo "1694"]
[BlackElo "2281"]
[PlyCount "30"]
[EventDate "2008.05.22"]
[EventType "swiss"]
[EventRounds "7"]
[EventCountry "BRA"]
[SourceTitle "EXT 2022"]
[Source "ChessBase"]
[SourceDate "2021.10.06"]
[SourceVersion "1"]
[SourceVersionDate "2021.10.06"]
[SourceQuality "1"]

1. d4 f5 2. c4 g6 3. Nf3 Nf6 4. g3 Bg7 5. Bg2 0-0 6. Nc3 d6 7. 0-0 Nc6 8. b3 Ne4 9. Bb2 e5 10. d5 Nxc3 11. Bxc3 Ne7 12. e4 fxe4 13. Ng5 e3 14. fxe3 Nf5 15. Bd2 Qxg5 0-1

[Event "Mineiro-ch"]
[Site "Sao Sebastiao do Paraiso"]
[Date "2008.01.08"]
[Round "9"]
[White "Castelo, Branco Nelson"]
[Black "Ladeira, Joao Bosco Amado"]
[Result "1/2-1/2"]
[WhiteElo "2108"]
[BlackElo "2303"]
[PlyCount "119"]
[EventDate "2008.01.04"]
[EventType "tourn"]
[EventRounds "11"]
[EventCountry "BRA"]
[SourceTitle "CBM 122 Extra"]
[Source "ChessBase"]
[SourceDate "2008.03.04"]
[SourceVersion "1"]
[SourceVersionDate "2008.03.04"]
[SourceQuality "1"]

1. e4 d6 2. d4 Nf6 3. Nc3 g6 4. Nf3 Bg7 5. h3 0-0 6. Be3 c6 7. a4 a5 8. Qd2 Na6 9. Bc4 d5 10. exd5 cxd5 11. Bd3 Nb4 12. 0-0 Nxd3 13. cxd3 Bf5 14. Rfc1 Rc8 15. Nb5 Rxc1+ 16. Rxc1 Qb6 17. Bf4 Bd7 18. Bc7 Qa6 19. Qxa5 Ra8 20. Qxa6 bxa6 21. Nc3 Rc8 22. Bf4 e6 23. Ne5 Be8 24. Nf3 Nh5 25. Bd6 Rc6 26. Bc5 Nf4 27. Rd1 e5 28. g3 Ne6 29. Nxd5 Nxc5 30. Ne7+ Kf8 31. Nxc6 Bxc6 32. Nxe5 Bxa4 33. Rc1 Bxe5 34. dxe5 Nxd3 35. Rc8+ Ke7 36. b3 Bb5 37. f4 h5 38. Rc7+ Ke6 39. Kg2 h4 40. Kf3 hxg3 41. Kxg3 Nb4 42. Kg4 Nc6 43. h4 Nd4 44. Rc3 Be2+ 45. Kg3 Nf5+ 46. Kh3 Kd5 47. Rc7 Nh6 48. Rb7 Ke4 49. Kg3 Bd1 50. Rb6 Nf5+ 51. Kh3 Kxf4 52. e6 fxe6 53. Rxe6 a5 54. Rxg6 Bxb3 55. Rb6 a4 56. Rb4+ Ke5 57. h5 Bd1 58. Kg2 Kf6 59. Kf2 Kg5 60. Ke1 1/2-1/2

[Event "Mineiro-ch"]
[Site "Sao Sebastiao do Paraiso"]
[Date "2008.01.08"]
[Round "10"]
[White "Ladeira, Joao Bosco Amado"]
[Black "Campos, Igor Ribeiro"]
[Result "1/2-1/2"]
[WhiteElo "2303"]
[BlackElo "2048"]
[PlyCount "37"]
[EventDate "2008.01.04"]
[EventType "tourn"]
[EventRounds "11"]
[EventCountry "BRA"]
[SourceTitle "CBM 122 Extra"]
[Source "ChessBase"]
[SourceDate "2008.03.04"]
[SourceVersion "1"]
[SourceVersionDate "2008.03.04"]
[SourceQuality "1"]

1. d4 Nf6 2. c4 g6 3. Nc3 Bg7 4. g3 0-0 5. Bg2 d6 6. Nf3 Na6 7. 0-0 c5 8. b3 Bf5 9. Bb2 Qc8 10. Re1 Bh3 11. Bh1 Qg4 12. dxc5 Nxc5 13. Nd5 Nxd5 14. Bxg7 Ne3 15. Qc1 Kxg7 16. Qxe3 Qd7 17. Red1 a5 18. Rd2 Qe6 19. Qxe6 1/2-1/2

[Event "Mineiro-ch"]
[Site "Sao Sebastiao do Paraiso"]
[Date "2008.01.04"]
[Round "2"]
[White "Gazel Pereira, Frederico"]
[Black "Ladeira, Joao Bosco Amado"]
[Result "1-0"]
[WhiteElo "2250"]
[BlackElo "2303"]
[PlyCount "97"]
[EventDate "2008.01.04"]
[EventType "tourn"]
[EventRounds "11"]
[EventCountry "BRA"]
[SourceTitle "CBM 122 Extra"]
[Source "ChessBase"]
[SourceDate "2008.03.04"]
[SourceVersion "1"]
[SourceVersionDate "2008.03.04"]
[SourceQuality "1"]

1. Nc3 Nf6 2. e4 d6 3. d4 g6 4. Bc4 Bg7 5. Qe2 c6 6. e5 dxe5 7. dxe5 Nd5 8. Bd2 0-0 9. 0-0-0 Be6 10. Nf3 Qc7 11. h4 Nd7 12. h5 Nxe5 13. Bxd5 Bxd5 14. Nxd5 cxd5 15. Bc3 Nxf3 16. Bxg7 Qf4+ 17. Kb1 Kxg7 18. gxf3 e6 19. h6+ Kg8 20. c3 Rac8 21. Rd4 Qf5+ 22. Ka1 Rfd8 23. Qd2 b5 24. Rf4 Qg5 25. Qe3 Rd7 26. Rc4 Qd8 27. Qe5 f6 28. Qxe6+ Kf8 29. Rxc8 Qxc8 30. Qxf6+ Kg8 31. Qe6+ Kf8 32. Rh4 Qc7 33. Qf6+ Kg8 34. Rh1 Qd6 35. Qd4 Qf8 36. f4 Qe7 37. Qd2 Qf8 38. Qd4 Qe7 39. f3 Qf8 40. a3 a6 41. Rh4 Qf5 42. Qb6 Re7 43. Qd8+ Kf7 44. Rh1 Re8 45. Qc7+ Re7 46. Qb8 Re8 47. Qb7+ Re7 48. Qxa6 Qd3 49. f5 1-0

[Event "Passos"]
[Site "Passos"]
[Date "2007.01.24"]
[Round "6"]
[White "Batista, Gerson Peres"]
[Black "Ladeira, Joao Bosco Amado"]
[Result "0-1"]
[WhiteElo "2212"]
[BlackElo "2330"]
[PlyCount "48"]
[EventDate "2007.01.21"]
[EventType "tourn"]
[EventRounds "9"]
[EventCountry "BRA"]
[EventCategory "3"]
[SourceTitle "CBM 116 Extra"]
[Source "ChessBase"]
[SourceDate "2007.03.07"]
[SourceVersion "1"]
[SourceVersionDate "2007.03.07"]
[SourceQuality "1"]

1. e4 d6 2. d4 Nf6 3. Nc3 g6 4. f4 Bg7 5. Nf3 0-0 6. Bd3 Na6 7. e5 Nd7 8. Ng5 Nb6 9. h4 dxe5 10. Nxh7 exd4 11. Ne4 Kxh7 12. Ng5+ Kg8 13. h5 Nc5 14. Bxg6 Qd5 15. Bh7+ Kh8 16. h6 Bf6 17. 0-0 Bxg5 18. fxg5 Kxh7 19. g6+ Kxg6 20. h7 Kg7 21. Bh6+ Kxh6 22. Rf4 Kxh7 23. Rxd4 Qg5 24. Qf3 e5 0-1

[Event "Passos"]
[Site "Passos"]
[Date "2007.01.23"]
[Round "5"]
[White "Ladeira, Joao Bosco Amado"]
[Black "Bittencourt, Jorge Humberto M"]
[Result "0-1"]
[WhiteElo "2330"]
[BlackElo "2428"]
[PlyCount "172"]
[EventDate "2007.01.21"]
[EventType "tourn"]
[EventRounds "9"]
[EventCountry "BRA"]
[EventCategory "3"]
[SourceTitle "CBM 116 Extra"]
[Source "ChessBase"]
[SourceDate "2007.03.07"]
[SourceVersion "1"]
[SourceVersionDate "2007.03.07"]
[SourceQuality "1"]

1. d4 Nf6 2. c4 e6 3. Nc3 Bb4 4. Qc2 Nc6 5. Nf3 d6 6. a3 Bxc3+ 7. Qxc3 a5 8. b3 0-0 9. Bb2 Re8 10. Rd1 Qe7 11. d5 Nb8 12. dxe6 Bxe6 13. e3 Nbd7 14. Be2 Nc5 15. Nd4 Bd7 16. 0-0 Nfe4 17. Qc2 Qg5 18. Bf3 Qg6 19. Rfe1 Ng5 20. Qxg6 Nxf3+ 21. Nxf3 hxg6 22. Nd4 Reb8 23. a4 b6 24. f3 f6 25. Ba3 Kf7 26. Rd2 Re8 27. Kf2 g5 28. Rb1 g4 29. Nb5 Bxb5 30. cxb5 gxf3 31. Bxc5 bxc5 32. gxf3 Rh8 33. Kg2 Ke6 34. Rbd1 Rab8 35. Rd3 Rb6 36. R1d2 Rd8 37. e4 c6 38. bxc6 Rxc6 39. Rc3 Rb8 40. Rdd3 Rb4 41. Kg3 g5 42. h3 c4 43. bxc4 Rcxc4 44. Rxc4 Rxc4 45. Rd5 Rxa4 46. h4 gxh4+ 47. Kxh4 Ra1 48. Rb5 Rh1+ 49. Kg4 Rg1+ 50. Kf4 Rg5 51. Rb6 Rc5 52. Ra6 f5 53. exf5+ Rxf5+ 54. Ke4 Rb5 55. f4 Rh5 56. Kd4 Rc5 57. Ke4 Rd5 58. Ra7 Rb5 59. Ra6 Rb4+ 60. Ke3 a4 61. f5+ Ke5 62. f6 Re4+ 63. Kd3 Rf4 64. f7 Rf3+ 65. Ke2 Rxf7 66. Rxa4 d5 67. Ke3 Rh7 68. Rg4 Rh3+ 69. Ke2 Rc3 70. Kd2 Ra3 71. Rg8 Kd4 72. Rh8 Ra2+ 73. Kd1 Kc4 74. Rg8 d4 75. Rh8 Kc3 76. Rc8+ Kd3 77. Ke1 Ra1+ 78. Kf2 Kd2 79. Rd8 d3 80. Rc8 Ra7 81. Rf8 Re7 82. Rf6 Kc2 83. Rc6+ Kd1 84. Ra6 d2 85. Ra1+ Kc2 86. Ra2+ Kc1 0-1

[Event "Passos"]
[Site "Passos"]
[Date "2007.01.22"]
[Round "2"]
[White "Cubas, Jose Fernando"]
[Black "Ladeira, Joao Bosco Amado"]
[Result "1-0"]
[WhiteElo "2414"]
[BlackElo "2330"]
[PlyCount "67"]
[EventDate "2007.01.21"]
[EventType "tourn"]
[EventRounds "9"]
[EventCountry "BRA"]
[EventCategory "3"]
[SourceTitle "CBM 116 Extra"]
[Source "ChessBase"]
[SourceDate "2007.03.07"]
[SourceVersion "1"]
[SourceVersionDate "2007.03.07"]
[SourceQuality "1"]

1. e4 c5 2. Nf3 e6 3. d4 cxd4 4. Nxd4 a6 5. Nc3 Qc7 6. Bd3 Nf6 7. 0-0 Be7 8. Kh1 d6 9. f4 Nc6 10. Nxc6 bxc6 11. e5 dxe5 12. fxe5 Qxe5 13. Bf4 Qa5 14. Qd2 Nd5 15. Bg3 Nxc3 16. Qxc3 0-0 17. Qxc6 Qd5 18. Qxd5 exd5 19. Rae1 Be6 20. Bf5 Rac8 21. c3 Rc6 22. Be5 Rfc8 23. a4 Bf8 24. Bd3 Bd6 25. Bd4 Rb8 26. b4 Be7 27. Kg1 h6 28. b5 axb5 29. axb5 Rcc8 30. Bf5 Bxf5 31. Rxe7 Be6 32. b6 Rc6 33. Rb1 Kf8 34. Ra7 1-0

[Event "Passos"]
[Site "Passos"]
[Date "2007.01.22"]
[Round "3"]
[White "Ladeira, Joao Bosco Amado"]
[Black "Molina, Roberto Junio Brito"]
[Result "1/2-1/2"]
[WhiteElo "2330"]
[BlackElo "2336"]
[PlyCount "148"]
[EventDate "2007.01.21"]
[EventType "tourn"]
[EventRounds "9"]
[EventCountry "BRA"]
[EventCategory "3"]
[SourceTitle "CBM 116 Extra"]
[Source "ChessBase"]
[SourceDate "2007.03.07"]
[SourceVersion "1"]
[SourceVersionDate "2007.03.07"]
[SourceQuality "1"]

1. d4 Nf6 2. c4 e6 3. Nc3 Bb4 4. Qc2 0-0 5. Bg5 h6 6. Bh4 d6 7. a3 Bxc3+ 8. Qxc3 Nbd7 9. Nf3 b6 10. e3 Bb7 11. Be2 Qe7 12. 0-0 Rac8 13. Ne5 dxe5 14. dxe5 Ne4 15. Bxe7 Nxc3 16. bxc3 Rfe8 17. Bh4 Nxe5 18. Bg3 Nd7 19. Rfd1 Nc5 20. f3 Ba6 21. Rab1 Kf8 22. Kf1 Ke7 23. e4 f6 24. Rb4 e5 25. Bf2 Nb7 26. c5 Bxe2+ 27. Kxe2 Na5 28. Rd3 Red8 29. Be3 Rxd3 30. Kxd3 Kd7 31. Bf2 Kc6 32. cxb6 Rd8+ 33. Kc2 axb6 34. Be3 Kb7 35. c4 Nc6 36. Rb2 Ra8 37. Kb3 Na5+ 38. Kc3 Kc6 39. Rd2 Nb7 40. Kb3 Nd6 41. Rd5 Nf7 42. Kb4 Nd8 43. Bf2 Ne6 44. Be3 Rg8 45. Rd2 g5 46. g3 h5 47. Rd1 Rh8 48. Rd2 Rb8 49. Rd5 Ra8 50. h3 Rg8 51. Rd2 Nd8 52. Rd5 Nf7 53. Rd2 Nd6 54. Rd5 g4 55. hxg4 hxg4 56. f4 exf4 57. Bxf4 Nxe4 58. Rh5 Nc5 59. Rh6 Rd8 60. Rxf6+ Kb7 61. Be3 Rd3 62. Bxc5 bxc5+ 63. Kxc5 Rxa3 64. Kb5 Rb3+ 65. Ka5 Rxg3 66. c5 Rc3 67. Kb5 Rb3+ 68. Ka5 c6 69. Rf7+ Kc8 70. Rg7 g3 71. Ka4 Rc3 72. Kb4 Re3 73. Ka5 Rb3 74. Ka4 Rb5 1/2-1/2

[Event "Varginha-ch"]
[Site "Varginha"]
[Date "2007.01.17"]
[Round "9"]
[White "Gomes, Luiz Alexandre"]
[Black "Ladeira, Joao Bosco Amado"]
[Result "1-0"]
[WhiteElo "2331"]
[BlackElo "2330"]
[PlyCount "47"]
[EventDate "2007.01.13"]
[EventType "tourn"]
[EventRounds "11"]
[EventCountry "BRA"]
[SourceTitle "EXT 2022"]
[Source "ChessBase"]
[SourceDate "2021.10.06"]
[SourceVersion "1"]
[SourceVersionDate "2021.10.06"]
[SourceQuality "1"]

1. e4 d6 2. d4 Nf6 3. Nc3 g6 4. Bg5 Bg7 5. Qd2 h6 6. Bh4 g5 7. Bg3 Nh5 8. 0-0-0 Nxg3 9. hxg3 Na6 10. f4 e6 11. Be2 0-0 12. Nf3 f6 13. Nh2 f5 14. exf5 exf5 15. Bc4+ Kh7 16. Nf3 g4 17. Ng5+ Kg6 18. Ne6 Bxe6 19. Bxe6 Qf6 20. Bc4 d5 21. Nxd5 Qd6 22. Rde1 Rfc8 23. Ne3 Nb4 24. c3 1-0